[Event "Montcalm I 2014-15"]
[Site "Quebec CAN"]
[Date "2014.09.11"]
[Round "2"]
[White "Lessard, Claude"]
[Black "Cummins, Paul"]
[Result "1-0"]
[WhiteElo "2045"]
[BlackElo "1780"]
[PlyCount "35"]
[EventDate "2014.09.04"]
[EventType "swiss"]
[EventRounds "5"]
[EventCountry "CAN"]

1. Nf3 Nf6 2. g3 d5 3. c4 e6 4. Bg2 Be7 5. O-O O-O 6. b3 c6 7. Bb2 Nbd7 8. d3
Qc7 9. Nbd2 b6 10. cxd5 exd5 11. Rc1 Bb7 12. Nd4 Rac8 13. Nf5 Nb8 14. Nf3 Qd8
15. Qd2 h6 16. N3d4 Kh8 17. Nxg7 Ng4 18. Bh3 1-0

[Event "Montcalm I 2014-15"]
[Site "Quebec CAN"]
[Date "2014.09.11"]
[Round "2"]
[White "Sirois, Eric"]
[Black "Marquis, Paul"]
[Result "1-0"]
[WhiteElo "1708"]
[BlackElo "2033"]
[PlyCount "139"]
[EventDate "2014.09.04"]
[EventType "swiss"]
[EventRounds "5"]
[EventCountry "CAN"]

1. e4 d6 2. d4 Nf6 3. Nc3 g6 4. Bd3 Bg7 5. h3 O-O 6. Nf3 e5 7. Be3 exd4 8. Nxd4
c5 9. Nf3 a6 10. a4 Re8 11. O-O Qc7 12. Nd2 Be6 13. Qe2 d5 14. Nxd5 Nxd5 15.
exd5 Bxd5 16. Bc4 Bxc4 17. Nxc4 Nc6 18. c3 Nd4 19. Qg4 Nc2 20. Bf4 Qe7 21. Rac1
f5 22. Qg3 Qe2 23. Nd2 Nd4 24. cxd4 Bxd4 25. Qf3 Qe7 26. Qd5+ Kg7 27. Nf3 Rad8
28. Qb3 Qe4 29. Bg5 Qd5 30. Nxd4 cxd4 31. Rc7+ Kg8 32. Qxd5+ Rxd5 33. Rxb7 d3
34. Rd1 Re2 35. Kf1 Rc2 36. Rb8+ Kf7 37. Rd8 Rxd8 38. Bxd8 Rxb2 39. Rxd3 Ke6
40. a5 Rc2 41. Bb6 Ke5 42. Ke1 Ke4 43. Re3+ Kd5 44. Rd3+ Ke4 45. Rd2 Rc1+ 46.
Ke2 Ra1 47. Bc7 f4 48. f3+ Kf5 49. Kd3 Ra4 50. Rc2 Ke6 51. Rc4 Ra2 52. Rc2 Ra4
53. Kc3 Kd7 54. Bb6 Kd6 55. Kb3 Ra1 56. Rd2+ Kc6 57. Kb2 Re1 58. Bf2 Rf1 59.
Kb3 Ra1 60. Rc2+ Kd5 61. Bb6 Rb1+ 62. Ka2 Re1 63. Ka3 Ra1+ 64. Ra2 Re1 65. Rd2+
Kc6 66. Kb3 Rb1+ 67. Kc3 Rc1+ 68. Kd4 Ra1 69. Ke5 Ra4 70. Kf6 1-0

[Event "Montcalm I 2014-15"]
[Site "Quebec CAN"]
[Date "2014.09.18"]
[Round "3"]
[White "Bernatchez, Lucas"]
[Black "Dube, Daniel"]
[Result "0-1"]
[WhiteElo "1420"]
[BlackElo "1832"]
[PlyCount "54"]
[EventDate "2014.09.04"]
[EventType "swiss"]
[EventRounds "5"]
[EventCountry "CAN"]

1. d4 Nf6 2. c4 g6 3. Nc3 d5 4. cxd5 Nxd5 5. e4 Nxc3 6. bxc3 Bg7 7. Bc4 c5 8.
Ne2 Nc6 9. Be3 O-O 10. O-O Qc7 11. Rc1 Na5 12. Bd3 b6 13. Ng3 e5 14. d5 Nb7 15.
h4 Nd6 16. f4 Qe7 17. Kf2 exf4 18. Bxf4 Be5 19. Bg5 f6 20. Bh6 Bxg3+ 21. Kxg3
Qe5+ 22. Bf4 Nxe4+ 23. Bxe4 Qxe4 24. Re1 Qf5 25. Bh6 g5 26. hxg5 fxg5 27. Rf1
Qe5+ 0-1

[Event "Montcalm I 2014-15"]
[Site "Quebec CAN"]
[Date "2014.09.18"]
[Round "3"]
[White "Boulianne, Gabriel"]
[Black "Plante, Rejean"]
[Result "1-0"]
[WhiteElo "1780"]
[BlackElo "2033"]
[PlyCount "69"]
[EventDate "2014.09.04"]
[EventType "swiss"]
[EventRounds "5"]
[EventCountry "CAN"]

1. e4 d6 2. Nf3 g6 3. Be2 Bg7 4. O-O c5 5. c3 Nf6 6. d3 Nc6 7. h3 O-O 8. Be3 b5
9. Nbd2 Nd7 10. d4 Rb8 11. dxc5 dxc5 12. Nb3 c4 13. Nbd4 Na5 14. b4 cxb3 15.
axb3 e5 16. Nxb5 a6 17. b4 axb5 18. Rxa5 Qc7 19. Qa1 Bb7 20. Nd2 Bc6 21. f3
Rfc8 22. Nb3 Bf8 23. Rc1 f5 24. c4 Qd8 25. cxb5 Bb7 26. Bc4+ Kh8 27. exf5 gxf5
28. Nc5 Nxc5 29. bxc5 Qf6 30. c6 Ba8 31. Rd1 Bxc6 32. bxc6 Rxc6 33. Be2 f4 34.
Bf2 Re6 35. Rd7 1-0

[Event "Montcalm I 2014-15"]
[Site "Quebec CAN"]
[Date "2014.09.18"]
[Round "3"]
[White "Bourassa, Andre"]
[Black "Theriault, Francis"]
[Result "1-0"]
[WhiteElo "1820"]
[BlackElo "1549"]
[PlyCount "71"]
[EventDate "2014.09.04"]
[EventType "swiss"]
[EventRounds "5"]
[EventCountry "CAN"]

1. d4 d5 2. c4 e6 3. Nc3 Be7 4. Nf3 c6 5. e3 Nf6 6. Bd3 Nbd7 7. O-O O-O 8. Bd2
a6 9. c5 e5 10. dxe5 Ng4 11. Qc2 g6 12. Na4 Ngxe5 13. Be2 Nxf3+ 14. Bxf3 Ne5
15. Be2 Bf5 16. Qb3 Rb8 17. Rfd1 Re8 18. Rac1 Bf8 19. Be1 h5 20. f3 Qe7 21. Bf2
Bh6 22. Re1 Nd7 23. Bd3 Bxd3 24. Qxd3 Ne5 25. Qb1 Nc4 26. Rc3 Qg5 27. Qd3 Re7
28. b3 Ne5 29. Qd1 Rbe8 30. f4 Qf6 31. fxe5 Rxe5 32. Qd4 Qf5 33. Qd1 Re4 34.
Qf3 Qe5 35. Rd3 d4 36. Rxd4 1-0

[Event "Montcalm I 2014-15"]
[Site "Quebec CAN"]
[Date "2014.09.18"]
[Round "3"]
[White "Doyon, Stephane"]
[Black "Lessard, Claude"]
[Result "0-1"]
[WhiteElo "1879"]
[BlackElo "2045"]
[PlyCount "46"]
[EventDate "2014.09.04"]
[EventType "swiss"]
[EventRounds "5"]
[EventCountry "CAN"]

1. e4 c5 2. Nc3 Nc6 3. d3 e6 4. g3 d5 5. exd5 exd5 6. Bg2 Be6 7. Nge2 Nf6 8.
O-O d4 9. Ne4 Nxe4 10. Bxe4 Bd6 11. Nf4 Bxf4 12. Bxf4 h5 13. Re1 Qd7 14. Bg5
Kf8 15. c3 f6 16. Bd2 h4 17. cxd4 hxg3 18. hxg3 cxd4 19. Rc1 Re8 20. Qa4 Bd5
21. Rc5 Bxe4 22. Rxe4 Rxe4 23. dxe4 Qh3 0-1

[Event "Montcalm I 2014-15"]
[Site "Quebec CAN"]
[Date "2014.09.18"]
[Round "3"]
[White "Genest, Dominic"]
[Black "Dumont, Eric"]
[Result "0-1"]
[WhiteElo "1377"]
[BlackElo "1703"]
[PlyCount "78"]
[EventDate "2014.09.04"]
[EventType "swiss"]
[EventRounds "5"]
[EventCountry "CAN"]

1. c4 c5 2. Nc3 Nc6 3. g3 g6 4. Bg2 Bg7 5. d3 d6 6. Nf3 Nf6 7. O-O O-O 8. e3
Bg4 9. h3 Bd7 10. Re1 Qc8 11. Kh2 Re8 12. d4 b6 13. d5 Na5 14. Nd2 Rb8 15. Rb1
b5 16. cxb5 Bxb5 17. Nxb5 Rxb5 18. Qa4 a6 19. Bf1 c4 20. b4 Nxd5 21. bxa5 Nc3
22. Qc2 Nxb1 23. Nxb1 Qb8 24. Bd2 Rb2 25. Qe4 c3 26. Bxc3 Rxf2+ 27. Kg1 d5 28.
Qh4 Bxc3 29. Nxc3 Qb2 30. Nxd5 f6 31. Qc4 Kg7 32. Nf4 Rf3 33. Re2 Qb1 34. Ne6+
Kh8 35. Rd2 Qe1 36. Qe2 Rxf1+ 37. Qxf1 Qxd2 38. Qxa6 Rb8 39. Qf1 Rb2 0-1

[Event "Montcalm I 2014-15"]
[Site "Quebec CAN"]
[Date "2014.09.18"]
[Round "3"]
[White "Lamontagne, Danny"]
[Black "Bluteau, Yvon"]
[Result "1/2-1/2"]
[WhiteElo "1889"]
[BlackElo "1787"]
[PlyCount "119"]
[EventDate "2014.09.04"]
[EventType "swiss"]
[EventRounds "5"]
[EventCountry "CAN"]

1. e4 b6 2. d4 Bb7 3. Bd3 e6 4. Nf3 c5 5. c3 Nf6 6. Qe2 cxd4 7. cxd4 d5 8. exd5
Qxd5 9. Nc3 Bb4 10. Bd2 Bxc3 11. bxc3 O-O 12. c4 Qh5 13. Bg5 Bxf3 14. Qxf3 Qxf3
15. gxf3 Nbd7 16. Rg1 Kh8 17. O-O-O Rfc8 18. Kb2 h6 19. Be3 Nh5 20. a4 Rc7 21.
Rc1 Rac8 22. Rc3 Nhf6 23. Bf4 Rc6 24. Kb3 Nd5 25. Bd2 Nxc3 26. Bxc3 Nf6 27. Bd2
Ne8 28. d5 exd5 29. cxd5 Rc5 30. Bf5 Rxd5 31. Bxc8 Rxd2 32. Re1 Nd6 33. Bg4
Rxf2 34. Re7 Rxh2 35. Rxa7 f5 36. Rd7 fxg4 37. Rxd6 gxf3 38. Rxb6 f2 39. Rb8+
Kh7 40. Rf8 g5 41. a5 g4 42. a6 Rh1 43. Rxf2 Ra1 44. Ra2 Rxa2 45. Kxa2 g3 46.
a7 g2 47. a8=Q g1=Q 48. Qe4+ Qg6 49. Qe7+ Kg8 50. Qd8+ Kf7 51. Qd7+ Kf6 52.
Qd6+ Kf5 53. Qd3+ Kg5 54. Qg3+ Kf6 55. Qd6+ Kg7 56. Qd4+ Qf6 57. Qg4+ Qg5 58.
Qd4+ Kg6 59. Qd6+ Qf6 60. Qg3+ 1/2-1/2

[Event "Montcalm I 2014-15"]
[Site "Quebec CAN"]
[Date "2014.09.18"]
[Round "3"]
[White "Lapierre, Gaetan"]
[Black "Badeaux, Yan"]
[Result "1-0"]
[WhiteElo "2004"]
[BlackElo "1476"]
[PlyCount "55"]
[EventDate "2014.09.04"]
[EventType "swiss"]
[EventRounds "5"]
[EventCountry "CAN"]

1. e4 e6 2. c4 c5 3. Nc3 Nc6 4. f4 Bd6 5. d3 Nd4 6. Nf3 Ne7 7. Be2 Ng6 8. g3
O-O 9. O-O b6 10. Be3 Nxf3+ 11. Bxf3 Bb7 12. h4 Nxh4 13. gxh4 Qxh4 14. Qe1 Qh6
15. Qd2 f5 16. e5 Be7 17. Bxb7 Rab8 18. Bf3 Bh4 19. Rf2 Bxf2+ 20. Qxf2 g6 21.
Qh2 Qg7 22. Kf2 h5 23. Rg1 Kf7 24. Bxh5 Rh8 25. Rxg6 Qh7 26. Rh6+ Ke7 27. Qh4+
Kf8 28. Rf6+ 1-0

[Event "Montcalm I 2014-15"]
[Site "Quebec CAN"]
[Date "2014.09.25"]
[Round "4"]
[White "Badeaux, Yan"]
[Black "Teurtrie, Norbert"]
[Result "1-0"]
[WhiteElo "1476"]
[BlackElo "1150"]
[PlyCount "89"]
[EventDate "2014.09.04"]
[EventType "swiss"]
[EventRounds "5"]
[EventCountry "CAN"]

1. e4 e5 2. Nf3 Nc6 3. Bb5 d6 4. c4 Bd7 5. Nc3 Na5 6. Qa4 c6 7. b4 cxb5 8. cxb5
Nc4 9. d3 Nb6 10. Qb3 Bxb5 11. Nxb5 Nf6 12. Ng5 d5 13. O-O h6 14. Nf3 a6 15.
Nc3 d4 16. Na4 Nxa4 17. Qxa4+ Qd7 18. b5 Qxb5 19. Qxb5+ axb5 20. Nxe5 Bd6 21.
Nf3 O-O 22. Nxd4 Rfd8 23. Nxb5 Be5 24. d4 Bxd4 25. Nxd4 Rxd4 26. f3 Rad8 27.
Bb2 Rd2 28. Bxf6 gxf6 29. Rf2 R2d3 30. a4 Ra8 31. Rb2 Ra7 32. Kf2 Rd4 33. a5
Rd6 34. Ke3 Kg7 35. g4 Kg6 36. h4 h5 37. Kf4 Rc6 38. Rb5 Raa6 39. gxh5+ Kh6 40.
Rxb7 Rc5 41. Rxf7 Rxh5 42. Kg4 Kg6 43. Rb7 Rhxa5 44. Rxa5 Rxa5 45. f4 1-0

[Event "Montcalm I 2014-15"]
[Site "Quebec CAN"]
[Date "2014.09.25"]
[Round "4"]
[White "Cournoyer, Dominic"]
[Black "Dumont, Eric"]
[Result "1-0"]
[WhiteElo "1931"]
[BlackElo "1703"]
[PlyCount "99"]
[EventDate "2014.09.04"]
[EventType "swiss"]
[EventRounds "5"]
[EventCountry "CAN"]

1. c4 c5 2. Nf3 Nf6 3. d4 cxd4 4. Nxd4 b6 5. g3 Bb7 6. Nf3 Nc6 7. Bg2 g6 8. O-O
Bg7 9. Nc3 O-O 10. Bf4 d6 11. Qa4 Qd7 12. Rfd1 Rfc8 13. Rac1 Qe8 14. b4 e5 15.
Bg5 Qf8 16. Bxf6 Bxf6 17. Nd5 Bg7 18. e3 Ne7 19. Ng5 Nxd5 20. Bxd5 Bxd5 21.
Rxd5 Bf6 22. Ne4 Be7 23. Qd1 Rd8 24. Qd3 f5 25. Nc3 a6 26. a3 Qf6 27. Qe2 e4
28. Rdd1 Qf7 29. Nd5 Rab8 30. Nc7 a5 31. b5 d5 32. cxd5 Bxa3 33. Rc6 Bc5 34.
Ne6 Rdc8 35. Nxc5 bxc5 36. Qc4 Ra8 37. Qxc5 Rd8 38. b6 a4 39. Rc7 Qf6 40. b7
Rab8 41. Qe7 Qxe7 42. Rxe7 a3 43. Rc7 a2 44. Ra1 Rxd5 45. Rxa2 Rd1+ 46. Kg2
Rdd8 47. Rac2 h6 48. Rc8 Rxb7 49. Rxd8+ Kf7 50. Rc6 1-0

[Event "Montcalm I 2014-15"]
[Site "Quebec CAN"]
[Date "2014.09.25"]
[Round "4"]
[White "Dube, Daniel"]
[Black "Marquis, Paul"]
[Result "1-0"]
[WhiteElo "1832"]
[BlackElo "2033"]
[PlyCount "133"]
[EventDate "2014.09.04"]
[EventType "swiss"]
[EventRounds "5"]
[EventCountry "CAN"]

1. e4 d6 2. d4 Nf6 3. Nc3 g6 4. Nf3 Bg7 5. Bg5 h6 6. Be3 c6 7. h3 b5 8. Bd3 b4
9. Nb1 Ba6 10. Bxa6 Nxa6 11. Qd3 Nc7 12. Nbd2 Nd7 13. O-O O-O 14. Qc4 c5 15.
dxc5 dxc5 16. Rad1 Ne6 17. Nb3 Qc7 18. Qb5 Rfd8 19. Rd5 a6 20. Qa5 c4 21. Nbd4
Qxa5 22. Rxa5 Nxd4 23. Nxd4 Rdc8 24. Rd1 Nc5 25. Nc6 Rxc6 26. Bxc5 Bxb2 27.
Bxb4 Re6 28. f3 Rb8 29. a3 Rb5 30. Rxb5 axb5 31. Rd5 Ra6 32. Bxe7 Bxa3 33. Bxa3
Rxa3 34. Kf2 Ra2 35. Rd2 b4 36. Ke3 c3 37. Rd8+ Kg7 38. Kd3 Kf6 39. Rb8 Rb2 40.
f4 g5 41. Rb6+ Kg7 42. f5 Rb1 43. e5 Re1 44. e6 fxe6 45. fxe6 Kf6 46. Rxb4 Rxe6
47. Kxc3 Re2 48. Rg4 Kf5 49. Rg3 Kf4 50. Rg4+ Ke3 51. Kb3 Kf2 52. c4 Re5 53. h4
gxh4 54. Rxh4 h5 55. g4 Kg3 56. Rxh5 Re3+ 57. Kb4 Kxg4 58. Rd5 Kf4 59. c5 Re6
60. Kb5 Re1 61. c6 Rb1+ 62. Kc5 Rc1+ 63. Kb6 Ke4 64. Rd2 Ke5 65. c7 Rb1+ 66.
Kc6 Rc1+ 67. Kd7 1-0

[Event "Montcalm I 2014-15"]
[Site "Quebec CAN"]
[Date "2014.09.25"]
[Round "4"]
[White "Leblanc-Legault, Mathieu"]
[Black "Genest, Dominic"]
[Result "1-0"]
[WhiteElo "1427"]
[BlackElo "1377"]
[PlyCount "109"]
[EventDate "2014.09.04"]
[EventType "swiss"]
[EventRounds "5"]
[EventCountry "CAN"]

1. d4 g6 2. c4 Bg7 3. Nc3 d6 4. e4 Nd7 5. Nf3 e5 6. d5 Ne7 7. Bd3 O-O 8. Be3 f5
9. Bg5 f4 10. b4 a5 11. a3 h6 12. Bxe7 Qxe7 13. Qb1 g5 14. h3 Nf6 15. Be2 c6
16. b5 c5 17. Na4 Qd8 18. b6 Bd7 19. Bd1 Ra6 20. Ke2 Ne8 21. Ra2 Bxa4 22. Bxa4
Rxb6 23. Rb2 Rxb2+ 24. Qxb2 Rf7 25. Rb1 Nf6 26. Kd3 Bf8 27. Qb5 g4 28. Nd2 gxh3
29. gxh3 Qc8 30. Rg1+ Kh7 31. Qxa5 Qxh3+ 32. f3 Nxe4 33. Bd1 Nf2+ 34. Kc2 Qh2
35. Re1 Rg7 36. Kc3 Nxd1+ 37. Rxd1 Qf2 38. Qd8 Qe3+ 39. Kc2 Be7 40. Qd7 Qxa3
41. Qf5+ Kh8 42. Rh1 Bg5 43. Qf8+ Kh7 44. Qf5+ Kg8 45. Qe6+ Rf7 46. Qg6+ Kf8
47. Qxd6+ Re7 48. Qb8+ Kf7 49. Qd6 Qa4+ 50. Kc3 Qa5+ 51. Kc2 Qc7 52. Qxc7 Rxc7
53. Ne4 b6 54. Nxg5+ hxg5 55. Rh7+ 1-0

[Event "Montcalm I 2014-15"]
[Site "Quebec CAN"]
[Date "2014.09.25"]
[Round "4"]
[White "Lessard, Claude"]
[Black "Boulianne, Gabriel"]
[Result "1-0"]
[WhiteElo "2045"]
[BlackElo "1780"]
[PlyCount "71"]
[EventDate "2014.09.04"]
[EventType "swiss"]
[EventRounds "5"]
[EventCountry "CAN"]

1. Nf3 Nf6 2. b4 d5 3. Bb2 Bf5 4. g3 e6 5. a3 Bd6 6. Bg2 Nbd7 7. d3 h6 8. Nbd2
O-O 9. O-O Qe7 10. c4 c6 11. Re1 e5 12. cxd5 cxd5 13. Nh4 Be6 14. e4 d4 15. Nf5
Bxf5 16. exf5 Qd8 17. Bxb7 Rb8 18. Bg2 a5 19. Nc4 Bc7 20. Qd2 Re8 21. Bc6 Re7
22. b5 Nc5 23. Qd1 Nfd7 24. a4 Nb6 25. Nxb6 Rxb6 26. Ba3 Rxc6 27. bxc6 Bd6 28.
Bxc5 Bxc5 29. f6 gxf6 30. Rc1 Qb6 31. Qg4+ Kh7 32. Qf5+ Kg7 33. Re4 Re6 34.
Rg4+ Kf8 35. Qh7 Ke7 36. Rg7 1-0

[Event "Montcalm I 2014-15"]
[Site "Quebec CAN"]
[Date "2014.09.25"]
[Round "4"]
[White "Oliver, Vance"]
[Black "Lamontagne, Danny"]
[Result "0-1"]
[WhiteElo "1693"]
[BlackElo "1889"]
[PlyCount "66"]
[EventDate "2014.09.04"]
[EventType "swiss"]
[EventRounds "5"]
[EventCountry "CAN"]

1. Nf3 d5 2. g3 Nf6 3. Bg2 Bg4 4. d3 Nbd7 5. Nbd2 e6 6. O-O Be7 7. Re1 O-O 8.
c3 c6 9. Qc2 Qc7 10. e4 dxe4 11. dxe4 e5 12. Nc4 h6 13. Nh4 Rfd8 14. Nf5 Bf8
15. Bd2 Nc5 16. Re3 Rd7 17. h3 Bh5 18. g4 Bg6 19. Rae1 Rad8 20. Bc1 b5 21. Nd2
Nd3 22. Rf1 Nxc1 23. Qxc1 Rxd2 24. Qb1 Bc5 25. Rf3 Bxf5 26. Rxf5 Qd6 27. b4 Bb6
28. Qb3 Rd1 29. g5 Rxf1+ 30. Bxf1 hxg5 31. c4 bxc4 32. Qf3 Qd1 33. Kg2 Qxf3+
0-1

[Event "Montcalm I 2014-15"]
[Site "Quebec CAN"]
[Date "2014.09.25"]
[Round "4"]
[White "Plante, Rejean"]
[Black "Sirois, Eric"]
[Result "1-0"]
[WhiteElo "2033"]
[BlackElo "1708"]
[PlyCount "79"]
[EventDate "2014.09.04"]
[EventType "swiss"]
[EventRounds "5"]
[EventCountry "CAN"]

1. c4 Nf6 2. g3 d5 3. cxd5 Nxd5 4. Nf3 c5 5. Bg2 Nc6 6. O-O e5 7. d3 f6 8. Nbd2
Be6 9. Nc4 Qd7 10. Re1 Be7 11. Bd2 O-O 12. Rc1 Rab8 13. a3 Rfc8 14. Ne3 Nxe3
15. Bxe3 Nd4 16. Nd2 Qb5 17. Bxd4 cxd4 18. b4 Rxc1 19. Qxc1 Rc8 20. Qb2 a5 21.
Rb1 axb4 22. axb4 Qa4 23. Nc4 Qb5 24. Qa2 Kf8 25. Qa7 Bxc4 26. dxc4 Qxc4 27.
Qxb7 Qc7 28. Qxc7 Rxc7 29. b5 Rc2 30. b6 Bd6 31. b7 Bb8 32. Ra1 Ke7 33. Ra8
Rc1+ 34. Bf1 e4 35. Rxb8 d3 36. exd3 exd3 37. Re8+ Kf7 38. b8=Q d2 39. Rf8+ Kg6
40. Rd8 1-0

[Event "Montcalm I 2014-15"]
[Site "Quebec CAN"]
[Date "2014.09.25"]
[Round "4"]
[White "Ripoll, Arthur"]
[Black "Lapierre, Gaetan"]
[Result "1-0"]
[WhiteElo "1733"]
[BlackElo "2004"]
[PlyCount "153"]
[EventDate "2014.09.04"]
[EventType "swiss"]
[EventRounds "5"]
[EventCountry "CAN"]

1. e4 c5 2. Nf3 a6 3. d4 cxd4 4. Nxd4 Nf6 5. Nc3 d6 6. f3 e5 7. Nb3 Be6 8. Be3
Nc6 9. Qd2 d5 10. exd5 Nxd5 11. Nxd5 Qxd5 12. Qxd5 Bxd5 13. O-O-O O-O-O 14. Nc5
f5 15. c4 Bf7 16. Rxd8+ Nxd8 17. Bd3 g6 18. g4 fxg4 19. fxg4 Ne6 20. Nxe6 Bxe6
21. h3 Be7 22. Bh6 Bf8 23. Bd2 h5 24. Re1 hxg4 25. hxg4 Bxg4 26. Bxg6 Bd6 27.
Bc3 Rg8 28. Bf7 Rf8 29. Bd5 Re8 30. Rg1 Bd7 31. Rg7 Bc6 32. Bxc6 bxc6 33. Kd2
Bf8 34. Rh7 Bc5 35. Kd3 e4+ 36. Ke2 Rf8 37. Rh2 Kd7 38. b4 Rf3 39. Bd2 Bd6 40.
Rh4 Ra3 41. Rxe4 Rxa2 42. c5 Be7 43. Kd3 Ra3+ 44. Kc4 Bf6 45. Rf4 Ke6 46. Re4+
Kd7 47. Re2 Rf3 48. Rh2 Rg3 49. Rh7+ Rg7 50. Rh6 Rg4+ 51. Kb3 Be5 52. Rh7+ Rg7
53. Rh5 Bc7 54. Rh8 Rg3+ 55. Ka4 Rg2 56. Bc3 Re2 57. Rh7+ Re7 58. Rh8 Re8 59.
Rh7+ Kc8 60. Rh8 Rxh8 61. Bxh8 Kd7 62. Kb3 Ke6 63. Kc4 Be5 64. Bxe5 Kxe5 65.
Kc3 Ke4 66. Kc4 Ke5 67. Kc3 Ke4 68. Kc4 Ke3 69. Kc3 Ke2 70. Kc2 Ke3 71. Kb3 Kd4
72. Ka4 Kc4 73. Ka5 Kb3 74. Kxa6 Kxb4 75. Kb6 Kc4 76. Kxc6 Kb4 77. Kb6 1-0

[Event "Montcalm I 2014-15"]
[Site "Quebec CAN"]
[Date "2014.10.02"]
[Round "5"]
[White "Bernatchez, Lucas"]
[Black "Bourassa, Andre"]
[Result "0-1"]
[WhiteElo "1409"]
[BlackElo "1820"]
[PlyCount "90"]
[EventDate "2014.09.04"]
[EventType "swiss"]
[EventRounds "5"]
[EventCountry "CAN"]

1. d4 d5 2. c4 e6 3. Nc3 Nf6 4. Bg5 Be7 5. Nf3 h6 6. Bh4 Ne4 7. Bxe7 Qxe7 8.
Qb3 Nxc3 9. bxc3 dxc4 10. Qxc4 O-O 11. e4 c6 12. a4 b6 13. Qb3 Nd7 14. Bd3 Bb7
15. O-O c5 16. d5 exd5 17. exd5 Ne5 18. Nxe5 Qxe5 19. Rfe1 Qxd5 20. Qxd5 Bxd5
21. Re7 Rfe8 22. Rae1 Kf8 23. R7e3 Rxe3 24. Rxe3 Re8 25. Rxe8+ Kxe8 26. Ba6 Ke7
27. c4 Bc6 28. f3 Bxa4 29. Kf2 Kd7 30. Bb7 Bc6 31. Ba6 Kc7 32. Ke3 Bb7 33. Bb5
a6 34. Ba4 Bc6 35. Bb3 f6 36. Kd3 b5 37. Kc3 Kd6 38. Kd2 Bd7 39. f4 Be6 40.
cxb5 axb5 41. Bc2 b4 42. Kc1 c4 43. f5 Bd5 44. g3 Ke5 45. Kd2 Be4 0-1

[Event "Montcalm I 2014-15"]
[Site "Quebec CAN"]
[Date "2014.10.02"]
[Round "5"]
[White "Boulianne, Gabriel"]
[Black "Bonneau, Daniel"]
[Result "1/2-1/2"]
[WhiteElo "1780"]
[BlackElo "2018"]
[PlyCount "93"]
[EventDate "2014.09.04"]
[EventType "swiss"]
[EventRounds "5"]
[EventCountry "CAN"]

1. e4 c6 2. d4 d5 3. e5 c5 4. c3 Nc6 5. h3 cxd4 6. cxd4 Bf5 7. Bd3 Bxd3 8. Qxd3
e6 9. a3 Qb6 10. Nf3 Rc8 11. O-O Na5 12. Nc3 Rc4 13. b4 Nc6 14. Be3 Nb8 15. Nd2
Rc8 16. Rfc1 Ne7 17. Na4 Qd8 18. Nb3 b6 19. Rxc8 Qxc8 20. Qb5+ Qd7 21. Qxd7+
Kxd7 22. b5 Nf5 23. Nb2 Be7 24. a4 Rc8 25. Rc1 Ba3 26. Rxc8 Kxc8 27. Bc1 Bb4
28. Nd3 Be7 29. g3 Nd7 30. Kf1 f6 31. g4 Nh4 32. Ke2 fxe5 33. dxe5 Ng6 34. f4
Nc5 35. Nd4 Nxd3 36. Kxd3 Kd7 37. Nc6 a5 38. Nxe7 Nxe7 39. Be3 Kc7 40. h4 g6
41. g5 Nf5 42. Bf2 h5 43. Be1 Ne7 44. Bf2 Nc8 45. Kc3 Ne7 46. Kd3 Nf5 47. Kd2
1/2-1/2

[Event "Montcalm I 2014-15"]
[Site "Quebec CAN"]
[Date "2014.10.02"]
[Round "5"]
[White "Cournoyer, Dominic"]
[Black "Lessard, Claude"]
[Result "1/2-1/2"]
[WhiteElo "1931"]
[BlackElo "2042"]
[PlyCount "98"]
[EventDate "2014.09.04"]
[EventType "swiss"]
[EventRounds "5"]
[EventCountry "CAN"]

1. c4 e5 2. Nc3 Nc6 3. Nf3 Nf6 4. d4 exd4 5. Nxd4 Ne5 6. g3 Nxc4 7. Bg2 c6 8.
O-O d5 9. e4 dxe4 10. Re1 e3 11. b3 Bc5 12. Bxe3 Nxe3 13. Rxe3+ Be6 14. Rd3
Bxd4 15. Rxd4 Qa5 16. b4 Qc7 17. Rc1 O-O 18. b5 Rad8 19. bxc6 bxc6 20. Nb5 Qb6
21. Rxc6 Rxd4 22. Nxd4 Qd8 23. Ra6 Qd7 24. Bc6 Qc8 25. Qa4 Bh3 26. Rxa7 Re8 27.
Nf3 Qf5 28. Qd1 Rf8 29. Ra8 Rxa8 30. Bxa8 g6 31. a4 Qc5 32. Nd4 h5 33. Bg2 Bxg2
34. Kxg2 h4 35. h3 hxg3 36. fxg3 Qd5+ 37. Kh2 Qa2+ 38. Qc2 Qa1 39. Nc6 Nd5 40.
a5 Qf1 41. Qd2 Qc4 42. Nb8 Nb4 43. Nd7 Nc6 44. Qb2 f5 45. Nb6 Qd3 46. Qa2+ Kg7
47. Qb2+ Kg8 48. Qa2+ Kg7 49. Nc8 Nxa5 1/2-1/2

[Event "Montcalm I 2014-15"]
[Site "Quebec CAN"]
[Date "2014.10.02"]
[Round "5"]
[White "Cummins, Paul"]
[Black "Genest, Dominic"]
[Result "0-1"]
[WhiteElo "1780"]
[BlackElo "1377"]
[PlyCount "100"]
[EventDate "2014.09.04"]
[EventType "swiss"]
[EventRounds "5"]
[EventCountry "CAN"]

1. e4 g6 2. d4 Bg7 3. Nc3 d6 4. Be3 Nf6 5. f3 c6 6. Qd2 Nbd7 7. h4 h5 8. Nh3 e5
9. O-O-O Qc7 10. Bc4 Nb6 11. Bb3 Bxh3 12. Rxh3 O-O-O 13. Kb1 Rd7 14. d5 cxd5
15. Nb5 Qb8 16. exd5 Kd8 17. Qa5 Ke7 18. Bg5 Nc8 19. Qe1 Re8 20. Nc3 a6 21. Ne4
Nb6 22. f4 Rdd8 23. fxe5 dxe5 24. Nxf6 Bxf6 25. Bxf6+ Kxf6 26. Qf2+ Kg7 27.
Qxb6 Rd6 28. Qe3 f5 29. c4 e4 30. c5 Rf6 31. Qd4 f4 32. d6 Qd8 33. Bc2 e3 34.
Re1 b6 35. Rf3 bxc5 36. Qxc5 Rxd6 37. Rxf4 e2 38. Qc3+ Kh6 39. a3 Rd1+ 40. Ka2
Rxe1 41. Qxe1 Qc7 42. Re4 Rxe4 43. Bxe4 Qc4+ 44. Ka1 Qxe4 45. Qd2+ Kg7 46. Qd7+
Kf6 47. Qd6+ Kf5 48. Qd7+ Kf4 49. Qd6+ Kg4 50. Qd7+ Kg3 0-1

[Event "Montcalm I 2014-15"]
[Site "Quebec CAN"]
[Date "2014.10.02"]
[Round "5"]
[White "Doyon, Stephane"]
[Black "Plante, Rejean"]
[Result "0-1"]
[WhiteElo "1839"]
[BlackElo "2033"]
[PlyCount "126"]
[EventDate "2014.09.04"]
[EventType "swiss"]
[EventRounds "5"]
[EventCountry "CAN"]

1. e4 c5 2. Nc3 Nc6 3. d3 e6 4. g3 d5 5. exd5 exd5 6. Bg2 Be6 7. Nge2 Nf6 8.
O-O Be7 9. Bg5 d4 10. Bxf6 Bxf6 11. Ne4 Be7 12. Nf4 O-O 13. Qh5 g6 14. Nxe6
fxe6 15. Qe2 Qb6 16. Nd2 Rf6 17. Bh3 Nd8 18. Nc4 Qc7 19. Rfe1 Bf8 20. Ne5 Bg7
21. c3 Qd6 22. Rac1 dxc3 23. bxc3 b5 24. Bg2 Rb8 25. d4 cxd4 26. cxd4 Rf8 27.
Nc6 Nxc6 28. Rxc6 Qxd4 29. Rd1 Qb2 30. Rd2 Qb1+ 31. Rd1 Qf5 32. Be4 Qe5 33.
Rxe6 Qb2 34. Qe3 Rbd8 35. Bd5 Kh8 36. Re7 a5 37. Rd2 Qa1+ 38. Kg2 a4 39. Qe6
Qc3 40. Re2 Qd4 41. Bb7 b4 42. Qc6 Rd6 43. Qxa4 Rdf6 44. f3 Rd6 45. R7e4 Qa1
46. Qxb4 Rd1 47. Qc5 Rh1 48. Qf2 h5 49. Re1 Rxe1 50. Rxe1 Qc3 51. Qe3 Qb2+ 52.
Re2 Qxb7 53. a4 g5 54. Kg1 Qxf3 55. Qxf3 Rxf3 56. Kg2 Ra3 57. Re8+ Kh7 58. Ra8
Kg6 59. a5 Ra2+ 60. Kh1 Kf5 61. Ra7 Bd4 62. Rf7+ Kg4 63. Rf1 Kh3 0-1

[Event "Montcalm I 2014-15"]
[Site "Quebec CAN"]
[Date "2014.10.02"]
[Round "5"]
[White "Dumont, Eric"]
[Black "Ripoll, Arthur"]
[Result "1-0"]
[WhiteElo "1703"]
[BlackElo "1733"]
[PlyCount "57"]
[EventDate "2014.09.04"]
[EventType "swiss"]
[EventRounds "5"]
[EventCountry "CAN"]

1. d4 d5 2. Bf4 Nf6 3. e3 e6 4. Nf3 c5 5. c3 c4 6. Nbd2 Bd6 7. Bxd6 Qxd6 8. Ne5
Nbd7 9. f4 b5 10. a4 b4 11. Be2 b3 12. O-O a5 13. Qe1 Nb6 14. Qh4 Bd7 15. Bh5
O-O 16. g4 Nxa4 17. g5 Nxh5 18. Qxh5 g6 19. Qh6 Nxb2 20. Ng4 f5 21. gxf6 Rf7
22. Nf3 a4 23. Nfe5 Raf8 24. Qg5 Kh8 25. Rf3 Nd3 26. Nxg6+ hxg6 27. Rh3+ Rh7
28. Rxh7+ Kxh7 29. Qh6+ 1-0